000
00339nam a2200145Ia 4500
008
150301s2015 xx 000 0 und d
082
_a
6123.015
_b
B15R
100
_a
RAJE, V.N
245
_a
BIOCHEMISTRY AND CLINICAL PHYSIOLOGY
250
_a
2ND
260
_b
CBS- DELHI
300
_a
168
650
_a
BIOCHEMISTRY
942
_2
ddc
_c
BK
_0
6
999
_c
7264
_d
7264